| 000 | 00698nam a22002057a 4500 | ||
|---|---|---|---|
| 003 | TZ-ArACH | ||
| 005 | 20251202143331.0 | ||
| 008 | 251202b |||||||| |||| 00| 0 eng d | ||
| 040 |
_aTZ-ArACH _beng _cTZ-ArACH |
||
| 050 |
_aKZ7464 _b.A37 2019 |
||
| 110 | _aAfrican Court on Human and Peoples' Rights | ||
| 245 |
_aComparative study on the law and practice of reparations for human rights violations _cAfrican Court on Human and Peoples' Rights |
||
| 260 |
_aTanzania: _bAfrican Court on Human and Peoples' Rights; _c2019 |
||
| 300 | _axiv, 120 p.: | ||
| 650 | _aLaw | ||
| 650 | _aPractice of Reparations | ||
| 650 | _aHuman Rights | ||
| 650 | _aHuman Rights -- Violations | ||
| 942 |
_2lcc _cBOOK |
||
| 999 |
_c7737 _d7737 |
||